Statistics for Top 15 Celebrities Born In 1944

Click here to take the quiz!

General Stats

  • This quiz has been taken 102 times
  • The average score is 4 of 15

Answer Stats

Answer% Correct
Danny DeVito
86%
George Lucas
66%
Diana Ross
49%
Danny Trejo
47%
Jerry Springer
37%
Sam Elliot
37%
Gary Busey
33%
Harold Ramis
28%
Craig T. Nelson
18%
Gladys Knight
18%
Patti LaBelle
9%
Barry White
4%
Brenda Lee
4%
Mary Wilson
4%
Pattie Boyd
3%

Score Distribution

Percentile by Number Answered

Percent of People with Each Score

Your Score History

You have not taken this quiz